<?xml version="1.0" encoding="UTF-8"?>
<record
    xmlns:xsi="http://www.w3.org/2001/XMLSchema-instance"
    xsi:schemaLocation="http://www.loc.gov/MARC21/slim http://www.loc.gov/standards/marcxml/schema/MARC21slim.xsd"
    xmlns="http://www.loc.gov/MARC21/slim">

  <leader>01008nam a22002775a 4500</leader>
  <controlfield tag="003">OSt</controlfield>
  <controlfield tag="005">20170726120723.0</controlfield>
  <controlfield tag="008">170724s2016    gz a   grb    000 0 ara d</controlfield>
  <datafield tag="020" ind1=" " ind2=" ">
    <subfield code="a">9789950389000</subfield>
  </datafield>
  <datafield tag="040" ind1=" " ind2=" ">
    <subfield code="a">EG-ScBUE</subfield>
    <subfield code="b">ara</subfield>
    <subfield code="c">EG-ScBUE</subfield>
  </datafield>
  <datafield tag="082" ind1="0" ind2="4">
    <subfield code="a">302.2</subfield>
    <subfield code="b">&#x62E; &#x636; &#x631;</subfield>
    <subfield code="2">22</subfield>
  </datafield>
  <datafield tag="100" ind1="1" ind2=" ">
    <subfield code="a">&#x62E;&#x636;&#x631;&#x60C; &#x625;&#x628;&#x631;&#x627;&#x647;&#x64A;&#x645; &#x62E;&#x644;&#x64A;&#x644;.</subfield>
  </datafield>
  <datafield tag="245" ind1="1" ind2="0">
    <subfield code="a">&#x645;&#x647;&#x627;&#x631;&#x627;&#x62A; &#x627;&#x644;&#x627;&#x62A;&#x635;&#x627;&#x644; =</subfield>
    <subfield code="b">Communication skills /</subfield>
    <subfield code="c">&#x625;&#x628;&#x631;&#x627;&#x647;&#x64A;&#x645; &#x62E;&#x644;&#x64A;&#x644; &#x62E;&#x636;&#x631;.</subfield>
  </datafield>
  <datafield tag="246" ind1="3" ind2="1">
    <subfield code="a">Communication skills</subfield>
  </datafield>
  <datafield tag="250" ind1=" " ind2=" ">
    <subfield code="a">&#x637;. 4.</subfield>
  </datafield>
  <datafield tag="260" ind1=" " ind2=" ">
    <subfield code="a">&#x646;&#x627;&#x628;&#x644;&#x633;&#x60C; &#x641;&#x644;&#x633;&#x637;&#x64A;&#x646; :</subfield>
    <subfield code="b">&#x627;&#x644;&#x62F;&#x627;&#x631; &#x627;&#x644;&#x62C;&#x627;&#x645;&#x639;&#x64A;&#x629; &#x644;&#x644;&#x646;&#x634;&#x631; &#x648;&#x627;&#x644;&#x62A;&#x648;&#x632;&#x64A;&#x639;&#x60C;</subfield>
    <subfield code="c">2016.</subfield>
  </datafield>
  <datafield tag="300" ind1=" " ind2=" ">
    <subfield code="a">219 &#x635;. :</subfield>
    <subfield code="b">&#x625;&#x64A;&#x636;. (&#x644;&#x648;.) &#x61B;</subfield>
    <subfield code="c">24 &#x633;&#x645;.</subfield>
  </datafield>
  <datafield tag="504" ind1=" " ind2=" ">
    <subfield code="a">&#x628;&#x628;&#x644;&#x64A;&#x648;&#x62C;&#x631;&#x627;&#x641;&#x64A;&#x629; : &#x635;. 218-219.</subfield>
  </datafield>
  <datafield tag="521" ind1=" " ind2=" ">
    <subfield code="a">&#x645;&#x631;&#x62C;&#x639; &#x62E;&#x627;&#x635; &#x628;&#x637;&#x644;&#x628;&#x629; &#x627;&#x644;&#x62C;&#x627;&#x645;&#x639;&#x627;&#x62A; &#x648;&#x627;&#x644;&#x645;&#x639;&#x627;&#x647;&#x62F; &#x648;&#x627;&#x644;&#x643;&#x644;&#x64A;&#x627;&#x62A;.</subfield>
  </datafield>
  <datafield tag="541" ind1=" " ind2=" ">
    <subfield code="a">&#x625;&#x647;&#x62F;&#x627;&#x621; &#x645;&#x646; &#x634;&#x631;&#x643;&#x629; &#x628;&#x643;&#x629;.</subfield>
  </datafield>
  <datafield tag="590" ind1=" " ind2=" ">
    <subfield code="a">Wessam</subfield>
  </datafield>
  <datafield tag="650" ind1=" " ind2="7">
    <subfield code="a"> &#x627;&#x644;&#x627;&#x62A;&#x635;&#x627;&#x644; (&#x639;&#x644;&#x645; &#x627;&#x62C;&#x62A;&#x645;&#x627;&#x639;)</subfield>
    <subfield code="2">BUEsh</subfield>
    <subfield code="9">28009</subfield>
  </datafield>
  <datafield tag="651" ind1=" " ind2=" ">
    <subfield code="2">BUEsh</subfield>
  </datafield>
  <datafield tag="653" ind1=" " ind2=" ">
    <subfield code="b">GGEN</subfield>
    <subfield code="b">COMAME</subfield>
    <subfield code="c">July2017</subfield>
  </datafield>
  <datafield tag="942" ind1=" " ind2=" ">
    <subfield code="2">ddc</subfield>
  </datafield>
  <datafield tag="999" ind1=" " ind2=" ">
    <subfield code="c">25065</subfield>
    <subfield code="d">25037</subfield>
  </datafield>
  <datafield tag="952" ind1=" " ind2=" ">
    <subfield code="0">0</subfield>
    <subfield code="1">0</subfield>
    <subfield code="2">ddc</subfield>
    <subfield code="4">0</subfield>
    <subfield code="7">0</subfield>
    <subfield code="8">Baccah</subfield>
    <subfield code="a">MAIN</subfield>
    <subfield code="b">MAIN</subfield>
    <subfield code="c">1ST</subfield>
    <subfield code="d">2017-07-24</subfield>
    <subfield code="e">Donation</subfield>
    <subfield code="o">302.2 &#x62E; &#x636; &#x631;</subfield>
    <subfield code="p">000034287</subfield>
    <subfield code="r">2025-07-15 00:00:00</subfield>
    <subfield code="x">&#x625;&#x647;&#x62F;&#x627;&#x621; &#x645;&#x646; &#x634;&#x631;&#x643;&#x629; &#x628;&#x643;&#x629;</subfield>
    <subfield code="y">BB</subfield>
  </datafield>
</record>
